000 00295nam a22001337a 4500
008 171221b xxu||||| |||| 00| 0 eng d
020 _a1560551984
041 _aeng
080 _a617
100 _a8
101 _aSHM
245 _aELECTRONPHYSIOLOGIC TESTING
_cFISHMAN.D.G
942 _2udc
_cBK
999 _c39273
_d39273